Kool Aid Flavors - Sudden Death - Statistics

General Stats
  • This quiz has been taken 76 times
  • The average score is 4 of 17
Answers on the Grid
Answers color-coded by a green-red scale on the quiz's grid according to % correct below.
Blueberry
Dragon Fruit
Green Apple
Grape
Watermelon
Jamaica Aguas Frescas
Guava
Honey Dew
Blue Raspberry Lemonade
Plum
Tropical Punch
Black Cherry
Pear
Strawberry
Pomegranate
Mulberry
Lemon Lime
Peach Mango
Grapefruit
Lemonade
Cherry
Papaya
Sharkleberry Fin
Star Fruit
Strawberry Lemonade
Persimmon
Jujube
Cranberry
Pink Lemonade
Clementine
Orange
Apricot
Strawberry Kiwi
Pina Pineapple Aguas Frescas
Nectarine
 
Answer Stats
Answer % Correct
Grape
73%
Green Apple
35%
Blue Raspberry Lemonade
32%
Strawberry
32%
Strawberry Kiwi
32%
Orange
30%
Cherry
24%
Tropical Punch
24%
Lemonade
22%
Pink Lemonade
22%
Black Cherry
19%
Jamaica Aguas Frescas
19%
Lemon Lime
16%
Strawberry Lemonade
16%
Pina Pineapple Aguas Frescas
14%
Sharkleberry Fin
14%
Peach Mango
8%
No matching quizzes found
Score Distribution
Percent of People with Each Score
Percentile by Number Answered
Your Score History
You have not taken this quiz